Discussion paper in commemoration of the 16 days of activism against gender violence, 10-12-1997 : theme: violence against women and human rights in Tanzania : title: combatting violence against women : international human rights or national strategies /

Saved in:
நூற்பட்டியல் விவரங்கள்
தலைமை எழுத்தாளர்: Rweyememu, Regina.
குழும எழுத்தாளர்: Tanzania Gender Networking Programme.
வடிவம்: புத்தகம்
மொழி:English
வெளியீடப்பட்டது: [Dar es Salaam] : Tanzania Gender Networking Programme, [1997?]
பகுதிகள்:
குறியீடுகள்: குறிச்சொல் இணை
குறியீடுகள் இல்லை, இந்த குறிச்சொல்லை முதலில் பதிவு செய்யுங்கள்!
LEADER 01421cam a2200337Ia 4500
001 008489727-9
005 20041029133921.0
008 010925s1997 tz b 000 0 eng d
035 0 |a ocm48029046 
040 |a FUG  |c FUG  |d OCLCQ 
043 |a f-tz--- 
050 4 |a HQ1236.5.T34  |b R84 1997 
082 0 4 |a 305.4209678  |2 21 
100 1 |a Rweyememu, Regina. 
245 1 0 |a Discussion paper in commemoration of the 16 days of activism against gender violence, 10-12-1997 :  |b theme: violence against women and human rights in Tanzania : title: combatting violence against women : international human rights or national strategies /  |c by Regina Rweyememu. 
246 3 0 |a Violence against women and human rights in Tanzania 
246 3 0 |a Combatting violence against women :  |b international human rights or national strategies 
260 |a [Dar es Salaam] :  |b Tanzania Gender Networking Programme,  |c [1997?] 
300 |a 9 leaves ;  |c 30 cm. 
500 |a Cover title. 
500 |a Corrections to title done in ink. 
500 |a At head of title: Tanzania Gender Networking Programme (TGNP). 
504 |a Includes bibliographical references. 
650 0 |a Women's rights  |z Tanzania. 
650 0 |a Women  |z Tanzania  |x Social conditions. 
650 0 |a Family violence  |z Tanzania. 
650 0 |a Women  |x Legal status, laws, etc. 
710 2 |a Tanzania Gender Networking Programme. 
988 |a 20020608 
049 |a HLSS 
906 |0 OCLC